Fallecimiento del prior de la Real Capilla de San Jorge, Mons. D. Antonio Berenguer
Descripción Física:
Il·lustracions
Colección:
San Jorge,
; núm. 21 (gener 1956), pàg 99
Materias:
Berenguer Sala, Antonio, -- 1874-1955
; Berenguer Sala, Antonio, -- 1874-1955 -- Mort i enterrament
Idioma:
Español
MARC
| LEADER | 00000naa a2200000 a 4500 | ||
|---|---|---|---|
| 003 | Arxiu | ||
| 005 | 20260324181039.0 | ||
| 008 | 160829s1956 spcaxx s spa c | ||
| 040 | |a AGDB | ||
| 245 | 0 | 0 | |a Fallecimiento del prior de la Real Capilla de San Jorge, Mons. D. Antonio Berenguer |
| 300 | |b Il·lustracions | ||
| 490 | |a San Jorge, |v núm. 21 (gener 1956), pàg 99 | ||
| 600 | 1 | 0 | |9 54536 |a Berenguer Sala, Antonio, |d 1874-1955 |
| 600 | 1 | 0 | |9 55956 |a Berenguer Sala, Antonio, |d 1874-1955 |x Mort i enterrament |
| 773 | |g Núm. 21 (gener 1956), pàg 99 |i San Jorge. | ||
| 901 | |a Arxiu | ||
| 942 | |n 1 |2 udc |c ART | ||
| 952 | |0 0 |1 0 |4 0 |6 REV511 |7 1 |9 65589 |a Arxiu |b Arxiu |d 2023-03-13 |l 0 |o Rev-511 |r 2023-03-13 00:00:00 |w 2023-03-13 |y ARXIU |z També disponible a Rev-525 | ||
| 999 | |c 48861 |d 48861 | ||